Gaming Quiz

Random Gaming or Video Games Quiz

22 Regrettable Gaming Tattoos Quiz Stats

 Plays Quiz Updated Aug 18, 2014

Support Sporcle.
Go Orange.
Score 0/22 Timer 06:00
0 Plays Today
% Correct
Sonic The Hedgehog
99.1%
Angry Birds
92.2%
Pac-man
91%
Mario
90.2%
Tetris
88.9%
Tomb Raider
82.7%
Pokémon
76.6%
The Legend of Zelda
54.6%
Assassin's Creed
49.3%
The Sims
48.6%
Half Life
47%
% Correct
Red Dead Redemption
46.1%
Portal
45.1%
Fallout
44.9%
Resident Evil 4
44.1%
Metroid
44%
Borderlands
43.7%
Gears of War
43.3%
Street Fighter
42.6%
Metal Gear Solid
40.8%
Crash Bandicoot
37.6%
The Secret of Monkey Island
20.4%

You're not logged in!

Compare scores with friends on all Sporcle quizzes.
OR
Log In

From the Vault

Click the Connection

by MSUKent

If you get any wrong, you can make a craigslist post about the missed connections.
Remove Ads.
Support Sporcle.
Get the best of Sporcle when you Go Orange. This ad-free experience offers more features, more stats, and more fun while also helping to support Sporcle. Thank you for becoming a member.

Show Comments

Extras

Top Quizzes Today


Score Distribution

Your Account Isn't Verified!

In order to create a playlist on Sporcle, you need to verify the email address you used during registration. Go to your Sporcle Settings to finish the process.

Report this User

Report this user for behavior that violates our Community Guidelines.

Details: